00888pam a2200265 a 4500001000500000005001700005020001800022040002300040050001400063082001200077100001700089245003300106260003700139300004700176505000800223520010500231521002000336521002000356650002100376650002200397906004500419942001500464999001500479952012800494312320240207141506.0 a9780590486156 aDLCcDLCdDLCbeng00aPZ73.G58700a823.9141 aGomi, Tarò„10aMy friends /cby Gomi, Taro  aNew York : bScholastic , c1989 a32 pages : bcolor illustrations ;c23 cm. aJ  aA little girl learns to walk, climb, and study the earth from her friends, most of whom are animals. a470 bLexile  aJ bRaz-Plus  1aGrowthxFiction. 1aAnimalsxFiction. a7bcbccorignewd1eocipf19gy-gencatlg 2ddccBKn0 c3123d3123 00102ddc40708JUVFa001b001cTTPd2024-02-07l0oGOM 823.914 PZ73.G587pFISTK02545r2024-02-07 14:15:01w2024-02-07yBK